| 000 | 01486cam a22003494a 4500 | ||
|---|---|---|---|
| 999 |
_c127897 _d127897 |
||
| 001 | 14586634 | ||
| 003 | ARRUPE | ||
| 005 | 20180411114259.0 | ||
| 008 | 061006s2006 dcua b 000 0 eng c | ||
| 010 | _a 2006298746 | ||
| 020 | _a1589064968 | ||
| 035 | _a(OCoLC)ocm70916154 | ||
| 040 |
_aDBI _cDBI _dAFQ _dVP@ _dYLS _dBAKER _dDLC |
||
| 042 | _apcc | ||
| 043 | _ad------ | ||
| 050 | 0 | 0 |
_aHG1496 _b.D37 2006 |
| 082 | 0 | 0 |
_a339.509172/4 _222 |
| 100 |
_aSelassie, Abebe A. _941415 |
||
| 245 | 0 | 0 |
_aDesigning monetary and fiscal policy in low-income countries / _cAbebe Aemro Selassie...[et. al.]. |
| 260 |
_aWashington, DC : _bInternational Monetary Fund, _c2006. |
||
| 300 |
_avii, 49 p. : _bill. ; _c28 cm. |
||
| 490 | 1 |
_aOccasional paper / International Monetary Fund ; _v250 |
|
| 504 | _aIncludes bibliographical references (p. 44-47). | ||
| 650 | 0 |
_aMonetary policy _zDeveloping countries. _941371 |
|
| 650 | 0 |
_aFiscal policy _zDeveloping countries. _941416 |
|
| 650 | 0 |
_aInflation (Finance) _zDeveloping countries. _941417 |
|
| 650 | 0 |
_aPoverty and Growth Facility (International Monetary Fund) _941418 |
|
| 700 | 0 |
_aAbebe Aemro Selassie. _941419 |
|
| 710 | 2 |
_aInternational Monetary Fund. _926656 |
|
| 830 | 0 |
_aOccasional paper (International Monetary Fund) ; _vno. 250 _941420 |
|
| 856 | 4 | 1 |
_3Table of contents only _uhttp://www.loc.gov/catdir/toc/fy0703/2006298746.html |
| 906 |
_a7 _bcbc _cpccadap _d2 _encip _f20 _gy-gencatlg |
||
| 942 |
_2lcc _cMONOGRAPH |
||